000
00341nam a2200145Ia 4500
008
221030s9999 xx 000 0 und d
041
_a
English
082
_a
105.23
_b
Agg
100
_a
K. K. Aggarwal
245
0
_a
Control System Analysis & Design
260
_b
Khanna Pub.
_a
New Delhi
_c
1991
300
_a
754
650
_a
EE
942
_c
BK
999
_c
1000
_d
1000